|
|
|
|
| LEADER |
01533nam a2200421 a 4500 |
| 001 |
nkc20122359008 |
| 003 |
CZ PrNK |
| 005 |
20121004133905.0 |
| 007 |
ta |
| 008 |
120403s2011 xr ab f 001 0 cze |
| 015 |
|
|
|a cnb002359008
|
| 020 |
|
|
|a 978-80-7380-331-5
|q (brož.)
|
| 035 |
|
|
|a (OCoLC)815380362
|
| 040 |
|
|
|a ABA001
|b cze
|
| 041 |
0 |
|
|a cze
|a eng
|b eng
|
| 072 |
|
7 |
|a 620.9
|x Energetika
|2 Konspekt
|9 19
|
| 080 |
|
|
|a 620.9:327.5
|2 MRF
|
| 080 |
|
|
|a 620.9:338.23
|2 MRF
|
| 080 |
|
|
|a (048.8:082)
|2 MRF
|
| 100 |
1 |
|
|a Souleimanov, Emil,
|d 1978-
|7 js20020527013
|4 aut
|
| 245 |
1 |
0 |
|a Energetická bezpečnost /
|c Emil Souleimanov a kolektiv
|
| 260 |
|
|
|a Plzeň :
|b Vydavatelství a nakladatelství Aleš Čeněk,
|c 2011
|
| 300 |
|
|
|a 261 s. :
|b il. (některé barev.), mapy ;
|c 21 cm
|
| 500 |
|
|
|a Nad názvem: Metropolitní univerzita Praha
|
| 504 |
|
|
|a Obsahuje bibliografii, bibliografické odkazy a rejstřík
|
| 546 |
|
|
|a Část. anglický text, anglické resumé
|
| 650 |
0 |
7 |
|a energetická bezpečnost
|7 ph493973
|2 czenas
|
| 650 |
0 |
7 |
|a energetická politika
|7 ph136852
|2 czenas
|
| 650 |
0 |
9 |
|a energy security
|2 eczenas
|
| 650 |
0 |
9 |
|a energy policy
|2 eczenas
|
| 655 |
|
7 |
|a kolektivní monografie
|7 fd501537
|2 czenas
|
| 655 |
|
9 |
|a collective monographs
|2 eczenas
|
| 710 |
2 |
|
|a Metropolitní univerzita Praha
|7 kn20080215020
|
| 910 |
2 |
|
|a BOA001
|b 2-1292.087
|
| 990 |
|
|
|a BK
|
| 995 |
|
|
|a 01
|
| 991 |
|
|
|b 201210
|c NOV
|e n
|
| 996 |
6 |
|
|b 2610522400
|c 2-1292.087
|l MZK
|r Sklad / do 1 hodiny
|n 26
|p p.v.
|w 001283380
|u 000010
|a 1
|e BOA001
|j MZK50
|s P
|